| 000 | 00329nam a2200109Ia 4500 | ||
|---|---|---|---|
| 008 | 200302s9999 xx 000 0 und d | ||
| 100 | _aDavid Clark | ||
| 245 | _aPlane and Geodetic Surveying for Engineers Plane Surveyig Vol 2 6th ed., | ||
| 260 | _bC BC Publishers and Distributors Pvt., Ltd., | ||
| 260 | _c2004 | ||
| 300 | _a288 P., | ||
| 999 |
_c3852 _d3852 |
||